[Event "SVK-ch U16"]
[Site "Liptovsky Mikulas"]
[Date "2019.04.25"]
[Round "4"]
[White "Zumrik, Marek"]
[Black "Kossuth, Tomas"]
[Result "1/2-1/2"]
[WhiteElo "1575"]
[BlackElo "1563"]
[PlyCount "74"]
[EventDate "2019.04.23"]
[EventType "swiss"]
[EventRounds "9"]
[EventCountry "SVK"]
[SourceTitle "CBM 190 Extra"]
[Source "ChessBase"]
[SourceDate "2019.07.15"]
[SourceVersion "1"]
[SourceVersionDate "2019.07.15"]
[SourceQuality "1"]

1. e4 c6 2. d4 d5 3. e5 Bf5 4. Bd3 Bxd3 5. Qxd3 e6 6. Nf3 Nd7 7. Be3 h6 8. Nbd2 Ne7 9. 0-0 Nf5 10. c3 Be7 11. a3 0-0 12. Rfe1 c5 13. b4 b6 14. Nf1 a6 15. Ng3 Nxg3 16. hxg3 cxd4 17. cxd4 b5 18. a4 bxa4 19. Rxa4 Qb6 20. Rea1 Rfb8 21. b5 Qxb5 22. Qxb5 Rxb5 23. Kh2 Nb6 24. Rxa6 Rxa6 25. Rxa6 Nc4 26. Ra2 Nxe3 27. fxe3 g6 28. Kg1 Kg7 29. Kf2 Rb3 30. Rc2 Ba3 31. Nd2 Rb2 32. Rxb2 Bxb2 33. Nb3 f6 34. exf6+ Kxf6 35. Nc5 g5 36. g4 Ke7 37. Nd3 Ba3 1/2-1/2

[Event "SVK-ch U16"]
[Site "Liptovsky Mikulas"]
[Date "2018.04.22"]
[Round "3"]
[White "Zumrik, Marek"]
[Black "Ondo, Patrik"]
[Result "1-0"]
[WhiteElo "1464"]
[BlackElo "1403"]
[PlyCount "85"]
[EventDate "2018.04.21"]
[EventType "swiss"]
[EventRounds "9"]
[EventCountry "SVK"]
[SourceTitle "CBM 184 Extra"]
[Source "ChessBase"]
[SourceDate "2018.06.28"]
[SourceVersion "1"]
[SourceVersionDate "2018.06.28"]
[SourceQuality "1"]

1. e4 e5 2. Nf3 Nc6 3. Bc4 Bc5 4. c3 d6 5. d3 Bg4 6. Nbd2 Nge7 7. h3 Be6 8. Bb3 0-0 9. 0-0 Ng6 10. Nc4 f5 11. Ng5 Bf7 12. Nxf7 Rxf7 13. Ne3 f4 14. Bxf7+ Kxf7 15. Qb3+ Kf8 16. Nd5 Na5 17. Qd1 c6 18. Nxf4 exf4 19. b4 Qf6 20. d4 Bxb4 21. cxb4 Nc4 22. Qd3 Nb6 23. a4 Nh4 24. a5 Nd7 25. Bd2 Ke7 26. g3 f3 27. Kh2 Ng6 28. Bc3 Rf8 29. b5 Qg5 30. a6 Qh5 31. axb7 Nf6 32. Rxa7 Rb8 33. Rh1 Kf7 34. bxc6 Nf4 35. gxf4 Ng4+ 36. Kg1 Qg6 37. Qxf3 Ne5+ 38. Qg2 Qxg2+ 39. Kxg2 Nxc6 40. Ra6 Nd8 41. Rb6 Ke7 42. Bb4 Nxb7 43. Bxd6+ 1-0

[Event "EU Union-ch U14"]
[Site "Kouty nad Desnou"]
[Date "2017.08.23"]
[Round "5"]
[White "Zumrik, Marek"]
[Black "Bitkova, Jelizaveta"]
[Result "0-1"]
[WhiteElo "1397"]
[BlackElo "1494"]
[PlyCount "45"]
[EventDate "2017.08.19"]
[EventType "swiss"]
[EventRounds "9"]
[EventCountry "CZE"]
[SourceTitle "CBM 180 Extra"]
[Source "ChessBase"]
[SourceDate "2017.10.06"]
[SourceVersion "1"]
[SourceVersionDate "2017.10.06"]
[SourceQuality "1"]

1. e4 c5 2. Nf3 d6 3. d4 cxd4 4. Nxd4 Nf6 5. Nc3 Nc6 6. Bg5 Nd7 7. Qd2 h6 8. Nxc6 bxc6 9. Be3 Nf6 10. Be2 e5 11. 0-0-0 Be7 12. h3 Be6 13. f4 Qa5 14. a3 Rb8 15. f5 Bd7 16. Nb1 Qc7 17. Nc3 Qb7 18. b3 a5 19. Bf3 c5 20. Be2 a4 21. Bc4 axb3 22. Bxb3 c4 23. Bxc4 0-1

[Event "Liptovsky Mikulas V4 U15 op"]
[Site "Liptovsky Mikulas"]
[Date "2017.06.22"]
[Round "3"]
[White "Zumrik, Marek"]
[Black "Vorobieva, Varvara"]
[Result "0-1"]
[WhiteElo "1313"]
[BlackElo "1530"]
[PlyCount "52"]
[EventDate "2017.06.21"]
[EventType "swiss"]
[EventRounds "9"]
[EventCountry "SVK"]
[SourceTitle "CBM 179 Extra"]
[Source "ChessBase"]
[SourceDate "2017.08.23"]
[SourceVersion "1"]
[SourceVersionDate "2017.08.23"]
[SourceQuality "1"]

1. e4 e5 2. Nf3 Nc6 3. Bc4 Nf6 4. d3 Be7 5. c3 d6 6. 0-0 0-0 7. Nbd2 Bg4 8. Re1 Kh8 9. Nf1 Ng8 10. h3 Bd7 11. Ng3 f5 12. exf5 Bxf5 13. Nxf5 Rxf5 14. Be3 Rf8 15. Bb3 Bf6 16. Qd2 Na5 17. Bc2 Ne7 18. Ng5 Qd7 19. b4 Nac6 20. Bb3 d5 21. a4 Nf5 22. Bc5 Rfe8 23. a5 b6 24. Be3 Nxe3 25. Rxe3 Bxg5 26. f4 Bxf4 0-1

[Event "SVK-ch U14"]
[Site "Liptovsky Mikulas"]
[Date "2017.04.26"]
[Round "7"]
[White "Mezes, Kristof"]
[Black "Zumrik, Marek"]
[Result "1-0"]
[WhiteElo "1486"]
[BlackElo "1233"]
[PlyCount "71"]
[EventDate "2017.04.22"]
[EventType "swiss"]
[EventRounds "9"]
[EventCountry "SVK"]
[SourceTitle "CBM 178 Extra"]
[Source "ChessBase"]
[SourceDate "2017.06.22"]
[SourceVersion "1"]
[SourceVersionDate "2017.06.22"]
[SourceQuality "1"]

1. d4 d5 2. c4 c6 3. Nf3 Nf6 4. Nc3 e6 5. Bg5 Be7 6. e3 Nbd7 7. cxd5 Nxd5 8. Bxe7 Qxe7 9. Bd3 0-0 10. 0-0 Nxc3 11. bxc3 e5 12. Qc2 g6 13. Rfe1 Re8 14. Bc4 b5 15. Bb3 Bb7 16. Rad1 Rac8 17. Nxe5 Nxe5 18. dxe5 Rcd8 19. Rxd8 Rxd8 20. Rd1 Rxd1+ 21. Qxd1 Bc8 22. Qd4 a6 23. Qb6 Qb7 24. Qd8+ Kg7 25. Qf6+ Kg8 26. e6 fxe6 27. Bxe6+ Bxe6 28. Qxe6+ Kg7 29. g3 a5 30. e4 b4 31. cxb4 axb4 32. e5 Qc7 33. Qf6+ Kg8 34. e6 Qg7 35. Qd8+ Qf8 36. e7 1-0

[Event "SVK-ch U14"]
[Site "Liptovsky Mikulas"]
[Date "2017.04.24"]
[Round "4"]
[White "Jencopala, Alexander"]
[Black "Zumrik, Marek"]
[Result "1-0"]
[WhiteElo "1617"]
[BlackElo "1233"]
[PlyCount "51"]
[EventDate "2017.04.22"]
[EventType "swiss"]
[EventRounds "9"]
[EventCountry "SVK"]
[SourceTitle "CBM 178 Extra"]
[Source "ChessBase"]
[SourceDate "2017.06.22"]
[SourceVersion "1"]
[SourceVersionDate "2017.06.22"]
[SourceQuality "1"]

1. e4 e5 2. Nf3 Nc6 3. d4 exd4 4. Nxd4 Bc5 5. Nb3 Bb6 6. Nc3 d6 7. Qe2 Nf6 8. Be3 Bxe3 9. Qxe3 Be6 10. 0-0-0 0-0 11. f3 Re8 12. Qf2 a6 13. g4 Qe7 14. h4 Nd7 15. Be2 Nb6 16. f4 Bd7 17. f5 f6 18. Rhg1 Rf8 19. g5 Rad8 20. Rg3 Ne5 21. Rdg1 Bc6 22. Nd4 Bd7 23. Qg2 Kh8 24. gxf6 gxf6 25. Rg7 Qe8 26. Rxh7+ 1-0

[Event "Liptovsky Mikulas V4 U15 op"]
[Site "Liptovsky Mikulas"]
[Date "2016.06.22"]
[Round "3"]
[White "Zumrik, Marek"]
[Black "Oplustil, David"]
[Result "0-1"]
[WhiteElo "1362"]
[BlackElo "1624"]
[PlyCount "62"]
[EventDate "2016.06.22"]
[EventType "swiss"]
[EventRounds "9"]
[EventCountry "SVK"]
[SourceTitle "CBM 173 Extra"]
[Source "ChessBase"]
[SourceDate "2016.08.29"]
[SourceVersion "1"]
[SourceVersionDate "2016.08.29"]
[SourceQuality "1"]

1. e4 c5 2. Nf3 d6 3. Bc4 Nc6 4. Nc3 Nf6 5. 0-0 g6 6. d3 Bg7 7. Be3 a6 8. a4 0-0 9. h3 Bd7 10. d4 cxd4 11. Nxd4 Ne5 12. Bb3 Rc8 13. f3 Nc4 14. Bxc4 Rxc4 15. Qd3 Rc8 16. f4 e6 17. f5 exf5 18. exf5 Bc6 19. Bg5 h6 20. Bxf6 Qxf6 21. fxg6 Qxd4+ 22. Qxd4 Bxd4+ 23. Kh1 fxg6 24. Rad1 Rxf1+ 25. Rxf1 Rf8 26. Rd1 Be5 27. Kg1 Bg3 28. Rd3 Bf2+ 29. Kf1 Bc5+ 30. Ke1 Bxg2 31. Rg3 Bf2+ 0-1

[Event "SVK-ch U14"]
[Site "Liptovsky Mikulas"]
[Date "2016.04.21"]
[Round "7"]
[White "Pogadl, Jakub"]
[Black "Zumrik, Marek"]
[Result "1-0"]
[WhiteElo "1347"]
[BlackElo "1419"]
[PlyCount "75"]
[EventDate "2016.04.16"]
[EventType "swiss"]
[EventRounds "9"]
[EventCountry "SVK"]
[SourceTitle "CBM 172 Extra"]
[Source "ChessBase"]
[SourceDate "2016.06.21"]
[SourceVersion "1"]
[SourceVersionDate "2016.06.21"]
[SourceQuality "1"]

1. c4 e5 2. g3 Nf6 3. Bg2 Bc5 4. e3 c6 5. Nc3 d5 6. cxd5 cxd5 7. Qb3 e4 8. Nge2 b6 9. Nf4 Bb7 10. 0-0 0-0 11. f3 Re8 12. fxe4 dxe4 13. d4 Bd6 14. Nh3 Na6 15. Ng5 Qe7 16. Nh3 Qf8 17. Qb5 Re6 18. Ng5 Re7 19. Qf5 Rae8 20. Nb5 Bb8 21. Bd2 h6 22. Nh3 Bc8 23. Qf2 Ng4 24. Qe2 Rd8 25. Nc3 Nb4 26. Nxe4 Na6 27. Nf4 Kh7 28. h3 Nf6 29. Nxf6+ gxf6 30. Nh5 Kh8 31. Rxf6 Qg8 32. Rxh6+ Qh7 33. Rxh7+ Kxh7 34. Qd3+ Kg8 35. Rf1 Kf8 36. Qh7 Ke8 37. Nf6+ Kf8 38. Qg8# 1-0